000 01059nam a22003377a 4500
003 CHAP
005 20220329143601.0
008 100721s1985 es a r 00010 spa d
010 _a98841
011 _a99813
020 _a9684451326
035 _a110499
040 _cCHAP
082 1 4 _a581.634
_bC94
100 1 _aCurzi, Valter
_930740
245 1 3 _aLa manzanilla Camomila:
_bla planta que cura 180 enfermedades
_c/por Valter Curzi
260 _aMéxico,D. F. :
_bEDAF,
_c1985
300 _a155 p. :
_bilus.
534 _ptit. original
_tLa Camomilla
590 _aBATCH-UPD
_b10
_c20130110
_lUCH01
_h1137
590 _aBATCH-UPD
_b10
_c20130410
_lUCH01
_h0724
590 _aBATCH-UPD
_b10
_c20130914
_lUCH01
_h0351
590 _aCONVERSION
_b10
_c20130109
_lUCH01
_h1355
650 1 4 _aAnthemis.
_96031
650 1 4 _aBotánica médica.
_914680
650 1 4 _aMatricaria chamomilla.
_973046
650 1 4 _aMedicina tradicional.
_973921
901 _aBK
942 _cLIBRO
949 _a581.634 C94
_bBC
_cLIBRO
_d33724002172595
_eLIBRO
_gI.c/e
_h112968
_i110499
_sb
999 _c98841
_d98841